[Event "SVR-ch Seniors 35th"]
[Site "Nickenich"]
[Date "2012.04.05"]
[Round "5"]
[White "Wieteck, Helmut"]
[Black "Gatzmanga, Werner"]
[Result "1-0"]
[WhiteElo "1701"]
[BlackElo "939"]
[PlyCount "77"]
[EventDate "2012.03.30"]
[EventType "swiss"]
[EventRounds "7"]
[EventCountry "GER"]
[SourceTitle "EXT 2013"]
[Source "ChessBase"]
[SourceDate "2012.11.22"]
[SourceVersion "1"]
[SourceVersionDate "2012.11.22"]
[SourceQuality "1"]

1. d4 d5 2. c4 dxc4 3. e3 e6 4. Bxc4 Nf6 5. Nc3 Bb4 6. Nf3 0-0 7. 0-0 b6 8. a3 Bxc3 9. bxc3 Bb7 10. Bd3 h6 11. Bb2 a6 12. Rc1 Nc6 13. c4 Re8 14. Bb1 Na5 15. Ne5 Nd7 16. f4 Nxe5 17. fxe5 Qg5 18. Qe2 Rad8 19. Rf4 h5 20. Rcf1 c5 21. Rxf7 Qg4 22. Qf2 Qxg2+ 23. Qxg2 Bxg2 24. Kxg2 Nxc4 25. Bc1 Na5 26. R7f4 c4 27. Bd2 Nc6 28. Rc1 b5 29. Bg6 Rf8 30. Rxf8+ Rxf8 31. Bc3 Ne7 32. Bxh5 Rf5 33. Bg4 Rg5 34. h3 Nd5 35. Kf3 Rg6 36. e4 Nc7 37. Rd1 Rh6 38. d5 Kf7 39. d6 1-0